000 01112nam a2200313 a 4500
001 000043770
003 DO-SdBNP
005 20260312092306.0
007 ta
008 240320s1997 dr 000 0 spa d
040 _aDO-SdBNP
_bspa
_cBNPHU
_erda
082 4 _a346.0166
_bR426L
_222
110 2 _aRepública Dominicana
_9447
240 1 0 _a[Leyes, etc.]
245 1 0 _aNo. 1306-bis ley de divorcio de fecha 21 de marzo de 1937. G.O. No. 5037 y sus modificaciones :
_bjurisprudencia en materia de divorcio, formularios en materia de divorcio.
264 _aSanto Domingo :
_b[Oficina de Estado Civil],
_c1997
300 _a27 paginas ;
_c21 cm.
336 _2rdacontent
_atexto
_btxt
337 _2rdamedia
_asin mediación
_bn
338 _2rdacarrier
_avolumen
_bnc
590 _aInventariado,2024/DG
650 0 _aDivorcio
_xLeyes y legislación
_971610
650 4 _aDerecho de familia
_xLegislación
_949528
650 4 _aLeyes
_zRepública Dominicana
_93033
651 4 _aRepública Dominicana
_xLey 1306
_971611
651 4 _aRepública Dominicana
_xLey 142
_971612
910 _aDG
942 _2ddc
_cLF2
999 _c56155
_d56155